000 00957cam a2200217 a 4500
001 3424987
003 OSt
005 20250915201606.0
008 900928s1989 pe a b 000 0 spa
040 _aCENDOC CAAAP
_cCAAAP
_bspa
050 0 0 _aF 3429
_b.G83
100 1 _aGuallart Martínez, José María
_91905
245 1 3 _aEl mundo mágico de los aguarunas /
_cJosé María Guallart.
260 _aLima, Perú :
_bCAAAP,
_c1989.
300 _a274 paginas :
_bilustraciones ;
_c21 cm.
505 _aUna panorámica general de la magia aguaruna -- La magia de Anen -- La posesión del Pasuk -- La magia de Iwishin -- La magia de Ajutap -- La guerra y su ceremonial mágico -- La magia del emesek: reducción de cabezas --
650 0 _aIndígenas aguaruna
_xReligión
_91906
650 0 _aIndígenas aguaruna
_xRitos y ceremonias
_91907
856 _yDescargar el documento
_uhttps://www.caaap.org.pe/Libros/El-mundo-magico-de-los-aguarunas.pdf
942 _2lcc
_cBK
999 _c790
_d790